| 000 | 006200000a22001810004500 | ||
|---|---|---|---|
| 003 | MACL | ||
| 005 | 20160226133359.0 | ||
| 008 | 160226b xxu||||| |||| 00| 0 eng d | ||
| 040 |
_aMACL _cMACL |
||
| 041 | _aHindi | ||
| 082 | _a800 | ||
| 100 |
_aडॉ अशोक प्रभाकर कामत _940637 |
||
| 245 | _aमहाराष्ट्र के नाथपंथीय कवियो की हिन्दी काव्य | ||
| 260 |
_bजवाहर पुस्तकालय _c1976 _aमथुरा |
||
| 350 | _a45 | ||
| 650 |
_aLiteracture _939932 |
||
| 942 |
_cHIN _k800 _2ddc |
||
| 999 |
_c26981 _d26981 |
||